Discriminaciones múltiples de los migrantes en perspectiva de derechos (Record no. 175307)
[ view plain ]
| 000 -CABECERA | |
|---|---|
| campo de control de longitud fija | 01659nab a2200313 a 4500 |
| 005 - FECHA Y HORA DE LA ÚLTIMA TRANSACCIÓN | |
| campo de control | 20210223132616.0 |
| 008 - ELEMENTOS DE LONGITUD FIJA--INFORMACIÓN GENERAL | |
| campo de control de longitud fija | 991125s1985 mx 000 0 spa u |
| 035 ## - NÚMERO DE CONTROL DEL SISTEMA | |
| Número de control de sistema | UPN01000203206 |
| 049 ## - COLECCIÓN | |
| Colección | ART-E |
| 100 1# - ASIENTO PRINCIPAL--NOMBRE PERSONAL | |
| Nombre de persona | Aguilar Idáñez, María José |
| 9 (RLIN) | 28676 |
| 100 1# - ASIENTO PRINCIPAL--NOMBRE PERSONAL | |
| Filiación | mariajose.aguilar@uclm.es |
| 222 #0 - TÍTULO CLAVE | |
| Título clave | BARATARIA : |
| Información calificativa | REVISTA CASTELLANO – MANCHEGA DE CIENCIAS SOCIALES |
| 245 00 - MENCIÓN DE TÍTULO | |
| Título | Discriminaciones múltiples de los migrantes en perspectiva de derechos |
| 260 ## - PUBLICACIÓN, DISTRIBUCIÓN, ETC. | |
| Lugar de publicación, distribución, etc. | España |
| 300 ## - DESCRIPCIÓN FÍSICA | |
| Extensión | 39-54 |
| 362 0# - FECHAS DE PUBLICACIÓN Y/O DESIGNACIÓN SECUENCIAL | |
| Fecha de publicación y/o designación secuencial | 2014 No. 17 |
| 336 ## - TIPO DE CONTENIDO | |
| Término de tipo de contenido | texto$2rdacontent |
| 337 ## - TIPO DE MEDIO | |
| Nombre/término del tipo de medio | computadora$2rdamedia |
| 338 ## - TIPO DE SOPORTE | |
| Nombre/término del tipo de soporte | recurso en linea$2rdacarrier |
| 520 3# - NOTA DE RESUMEN, ETC. | |
| Sumario, etc. | Se definen y analizan en perspectiva jurídica europea e internacional cuatro de las diferentes formas de discriminación que afectan a las personas migrantes, casi siempre de forma simultánea: discriminación contra trabajadores inmigrantes, discriminación por motivos étnicos o raciales, discriminación por origen social, y discriminación por procedencia nacional. Aunque se trata de formas de discriminación habitualmente solapadas, es importante diferenciar unas de otras porque los instrumentos jurídicos que protegen cada una de estas características no son idénticos ni se aplican del mismo modo en la Unión Europea. |
| 653 0# - TERMINO DE INDIZACION - NO CONTROLADO | |
| Término no controlado | DISCRIMINACION ETNICA |
| 653 0# - TERMINO DE INDIZACION - NO CONTROLADO | |
| Término no controlado | DISCRIMINACION RACIAL |
| 653 0# - TERMINO DE INDIZACION - NO CONTROLADO | |
| Término no controlado | TRABAJADOR MIGRANTE |
| 653 0# - TERMINO DE INDIZACION - NO CONTROLADO | |
| Término no controlado | DISCRIMINACION POR ORIGEN SOCIAL |
| 653 0# - TERMINO DE INDIZACION - NO CONTROLADO | |
| Término no controlado | DISCRIMINACION POR PROCEDENCIA NACIONAL |
| 856 4# - LOCALIZACIÓN Y ACCESO ELECTRÓNICOS | |
| Identificador Uniforme del Recurso | <a href="http://revistabarataria.es/ojs/index.php/Barataria/article/view/27/16">http://revistabarataria.es/ojs/index.php/Barataria/article/view/27/16</a> |
| 905 ## - TIPO DE MATERIAL | |
| Tipo de material | Articulo |
No items available.
